| 000 | 00858cam a22003137a 4500 | ||
|---|---|---|---|
| 001 | 14943739 | ||
| 003 | OSt | ||
| 005 | 20160409135901.0 | ||
| 008 | 070727s2007 caua 001 0 eng d | ||
| 010 | _a 2007278843 | ||
| 015 |
_aGBA731351 _2bnb |
||
| 016 | 7 |
_a013731319 _2Uk |
|
| 020 | _a9780321492005 (pbk.) | ||
| 020 | _a0321492005 (pbk.) | ||
| 035 | _a(OCoLC)ocn123799020 | ||
| 040 | _aSEKU | ||
| 042 | _alccopycat | ||
| 050 | 0 | 0 |
_aT 385 _b.A3 |
| 082 | 0 | 4 |
_a006.686 _222 |
| 130 | _aAdobe Illustrator CS3. | ||
| 245 | 0 | 0 | _aAdobe Illustrator CS3. |
| 260 |
_aSan Jose, Calif. : _bAdobePress, _c2007. |
||
| 300 |
_axiv, 458 p. : _bcol. ill. ; _c23cm. + _e1 CD-ROM (4 3/4 in.) |
||
| 440 | 0 | _aClassroom in a book | |
| 500 | _aIncludes index. | ||
| 630 | 0 | 0 | _aAdobe Illustrator (Computer file) |
| 650 | 0 | _aComputer graphics. | |
| 942 |
_2lcc _cGEN |
||
| 999 |
_c12605 _d12605 |
||